| 000 | 00787nam a2200241 i 4500 | ||
|---|---|---|---|
| 003 | DO-SdBNP | ||
| 005 | 20231108080203.0 | ||
| 006 | a||||gr|||| 00| 0 | ||
| 007 | ta | ||
| 008 | 231026b1996 dr ab||| |||| 00| m spa d | ||
| 040 |
_aDO-SdBNP _bspa _cBNPHU _erda |
||
| 082 | 4 |
_222 _bR426e |
|
| 110 |
_aRapública Dominicana. _bPresidencia de la República. Consejo Nacional de Educación Superior (CONES) _984602 |
||
| 245 | 1 | 0 |
_aEl estudiante es el cliente : _bconceptos de calidad para profesores universitarios |
| 264 | 1 |
_aSanto Domingo : _bCONES, _c1996 |
|
| 300 |
_a74 páginas ; _c28 cm. |
||
| 336 |
_2rdacontent _atexto _btxt |
||
| 337 |
_2rdamedia _asin mediación _bn |
||
| 338 |
_2rdacarrie _avolumen _bnc |
||
| 590 | _aInventariado 2023 / DG | ||
| 910 | _aDG | ||
| 942 |
_2ddc _cLBS1 |
||
| 999 |
_c55419 _d55419 |
||